| Tag |
First Indicator |
Second Indicator |
Subfields |
| LEADER |
00000cas a2200000 4500 |
| 001 |
in00000018062 |
| 005 |
20151007053136.0 |
| 008 |
771114c19779999nyuuu1 |||| 0uuua0eng |
| 010 |
|
|
|a 77079076
|
| 022 |
|
|
|a 0149-0575
|
| 035 |
|
|
|a (OCoLC)03416025
|
| 035 |
|
|
|9 AAB0545AM
|
| 040 |
|
|
|a DLC
|c DLC
|d NSD
|d DLC
|d OCL
|d NST
|d DLC
|d UtOrBLW
|
| 042 |
|
|
|a lc
|a nsdp
|
| 049 |
|
|
|a TXAE
|
| 050 |
0 |
0 |
|a TR287
|b .P45
|
| 130 |
0 |
|
|a Photo lab index (Compact edition)
|
| 222 |
|
0 |
|a Photo lab index. Compact edition
|
| 245 |
1 |
0 |
|a Photo lab index.
|
| 246 |
1 |
3 |
|a Compact photo lab index
|f 1977-
|
| 250 |
|
|
|a Compact edition.
|
| 264 |
|
1 |
|a Dobbs Ferry, N.Y. :
|b Morgan & Morgan, inc.,
|c 1977-
|
| 300 |
|
|
|a volumes :
|b illustrations ;
|c 23 cm.
|
| 336 |
|
|
|a text
|b txt
|2 rdacontent
|
| 337 |
|
|
|a unmediated
|b n
|2 rdamedia
|
| 338 |
|
|
|a volume
|b nc
|2 rdacarrier
|
| 362 |
0 |
|
|a 1st-
|
| 500 |
|
|
|a "The cumulative formulary of standard recommended photographic procedures."
|
| 500 |
|
|
|a "Extracted from the looseleaf Lifetime edition ... the pages have not been abridged."
|
| 500 |
|
|
|a Description based on: 2nd compact edition (1979).
|
| 650 |
|
0 |
|a Photography
|x Processing
|v Handbooks, manuals, etc.
|
| 650 |
|
0 |
|a Photography
|v Formulae.
|
| 999 |
|
|
|a MARS
|
| 999 |
f |
f |
|s 5ea6a4e5-db27-3741-8db2-9ba4fcfbce23
|i ada8784b-506f-3599-a346-c5b254539ec2
|t 0
|
| 952 |
f |
f |
|p ric
|a Texas A&M University
|b Rellis Campus
|c Joint Library Facility
|d Remote Storage
|t 0
|e TR287 P45
|h Library of Congress classification
|i unmediated -- volume
|k 2nd
|l 1979
|m A14811043806
|
| 998 |
f |
f |
|a TR287 P45
|s 2nd ed. (1979)
|t 0
|l Remote Storage
|